000 00514cam a22002171 4500
001 sa 62001202
003 DLC
005 20260227111918.0
008 891227s1962 ii 000 0 hino
010 _asa 62001202
035 _a(OCoLC)20821416
040 _aDLC
_cWaU
_dDLC
042 _apremarc
050 0 0 _aPK2033
_b.S5
100 1 _aSingh, Namwar,
_d1927-
245 1 0 _aItihāsa aura ālocanā.
260 _c[1962]
300 _a204 p.
_c19 cm.
500 _aIn Hindi.
650 0 _aHindi literature.
999 _c53211
_d53211